La alianza maestros campesinos: Un compromiso social con los más desposeídos.

Shranjeno v:
Bibliografske podrobnosti
Autores corporativos: Sindicato Nacional de Trabajadores de la Educación (SNTE), Confederación Nacional Campesina (CNC)
Format: Knjiga
Jezik:španščina
Teme:
Oznake: Označite
Brez oznak, prvi označite!

MARC

LEADER 00000nam^a2200000^u^4500
001 000517594
005 20250521000000.0
008 110519s1000^^^^^^^^^^^^r^^^^^000^0^spa^d
009 20260310130400.548
035 |a FCE 000061820 
037 |a Acervo ITESO - Biblioteca 
041 |a spa 
082 0 4 |a 370.194072  |b SNTEa 
110 |a Sindicato Nacional de Trabajadores de la Educación (SNTE) 
245 1 0 |a La alianza maestros campesinos:  |b Un compromiso social con los más desposeídos. 
264 |a México:  |b CNC: SNTE,  |c 1993. 
300 |a 15 p. 
336 |a texto  |b txt  |2 rdacontenido 
337 |a sin mediación  |b n  |2 rdamedio 
338 |a volumen  |b nc  |2 rdasoporte 
649 |a XX 
650 |a Educación comunitaria 
650 |a Educación de adultos 
650 |a Propuesta educativa 
710 |a Confederación Nacional Campesina (CNC) 
910 |a Fondo Centro de Estudios Educativos 
920 |a Impresos - Libros 
930 |a Fondos Especiales 
905 |a 133 
901 |a ALE070795  |b IT2  |c CEE  |u 20250521 
902 |a https://opac.biblio.iteso.mx/vufind/Record/000517594